000 00614nam a2200217Ia 4500
008 160404s9999 xx 000 0 und d
020 _a971-08-6581-1
050 _aFIL HF 5635
050 _b.C48 2005
100 _aChua, Manuel C.M., Jr.
245 _aFundamentals of accounting principles :
245 _btheory and applications /
245 _cManuel C.M. Chua, Jr., Teofisto P. Arenas, Francis M. C. Villarina.
260 _aMandaluyong:
260 _bNational Book Store,
260 _c2006
300 _a507 pages :
300 _billustrations ;
300 _c25 cm.
650 _aAccounting.
999 _c293208
_d293208